Регионална библиотека "Любен Каравелов" - Русе

Сияйни висини (Запис номер 322774)

MARC детайли
000 -Лидер
Контролно поле с фиксирана дължина 01030nam a2200289 a 4500
003 - Код на организацията, давaща контролен номер
Контролно поле BLK
005 - Дата и час на последна редакция
Контролно поле 20250714122616.0
008 - Елементи от данни с фиксирана дължина
fixed length control field 180830b bul||||| |||| 00| 0 bul d
020 ## - Международен стандартен номер на книга ISBN
Международен стандартен номер на книга ISBN 978-954-655-792-6
040 ## - Източник на каталожния запис
Идентификатор на билиотеката - собственик на записа BLK
041 ## - Код за език
Код за езика на текст/звукозапис или на отделно заглавие Български
Код за езика КДБФ Български
080 ## - УДК
Текстов определител УДК Американска литература (на САЩ)
УДК код - определител по УДК 821.111(73)
УДК определител -31
УДК - код + определител 821.111(73)-31
100 ## - Редна дума - Автор
Автор Макгий, Катрин
R(LIN) 390046
139 ## - Редно поле
Редна дума Макгий, Катрин
Авторски знак Мак - М 19
245 ## - Сведения за заглавието
Заглавие Сияйни висини
Редно поле (дума) Катрин Макгий ; прев. от англ. Цветана Генчева
260 ## - Област на издателските данни
Име на издателя, разпространителя и проч. Бард
Година на издаване 2017
Място на издаване, разпространение и проч. София
300 ## - Физическа характеристика
Страници 383 с.
Размери/Мащаб 21 см
380 ## - Жанр
Жанр Худож. лит.
500 ## - Общи забележки
Забележка Ориг. загл.: The dazzling heights / Katharine MacGee. - Кн. е продълж. на "Хилядният етаж"
765 ## - Описание на заглавието на оригиналният език
Редна дума на основното описание The dazzling heights
852 ## - Местоположение
Форматна сигнатура Цб 289413
999 ## - СИСТЕМНИ КОНТРОЛНИ НОМЕРА
Koha biblionumber 322774
Koha biblioitemnumber 322774
942 ## - АРТИКУЛИ
Вид на библиотечния материал Книги
Източник на класификационната схема Universal Decimal Classification
Скрит в OPAC Не
Koha issues (borrowed), all copies 8
Периодичен библиозапис Да
999 ## - СИСТЕМНИ КОНТРОЛНИ НОМЕРА
Koha biblioitemnumber 322774
999 ## - СИСТЕМНИ КОНТРОЛНИ НОМЕРА
Koha biblioitemnumber 322774
999 ## - СИСТЕМНИ КОНТРОЛНИ НОМЕРА
Koha biblioitemnumber 322774
944 ## - СЪЗДАВАНЕ И РЕДАКЦИЯ на ЗАПИСА
Служител, извършил регистрацията/редакцията 30531
Статус, дата на статуса Цветелина Шанова
Наличности
Код за отписване Код за изгубен артикул Източник на класификационната схема Код за повреда Коз за рестрикции Код за отдаване Артикулен № Име на библиотеката - собственик Име на библиотеката, в която се намира в момента Статус (Текущо местоположение) Дата на вписване в системата Местоположение - отдел Цена в лева Инвентарен номер Систематично азбучна сигнатура Баркод Цена в евро Служебен тип на артикула
  Не е изгубен Universal Decimal Classification Не е повреден без рестрикции ползва се в читалня 676902 Регионална библиотека "Любен Каравелов" Русе Регионална библиотека "Любен Каравелов" Русе Хранилище 2018-05-31 Хранилище 18.99 120000820597 Цб 289413 120000820597 9.71 Книги
  Не е изгубен Universal Decimal Classification Не е повреден   заемане за дома 709015 Регионална библиотека "Любен Каравелов" Русе Регионална библиотека "Любен Каравелов" Русе Заемна - подръчен фонд 2019-05-21 Заемна - подръчен фонд 8.60   П 820(73)-31/М 19 120000832102 4.40 Книги
Vip Innovations Ltd, Rousse, Bulgaria 2025